[Event "2.BLO 0607 Leipzig Gohlis - SC Forchhei"]
[Site "?"]
[Date "2007.02.04"]
[Round "7.1"]
[White "Jansa, Vlastimil"]
[Black "Roos, Michael"]
[Result "1-0"]
[WhiteElo "2479"]
[BlackElo "2349"]
[PlyCount "85"]
[EventDate "2007.??.??"]

1. e4 d5 2. exd5 Qxd5 3. Nc3 Qd6 4. d4 Nf6 5. Nf3 a6 6. g3 Bg4 7. Bg2 Nc6 8.
O-O O-O-O 9. d5 Ne5 10. Bf4 Nxf3+ 11. Bxf3 Bxf3 12. Qxf3 e5 13. Bg5 Be7 14.
Rad1 Rd7 15. Rfe1 h6 16. Bxf6 Qxf6 17. Qe3 Kb8 18. Qxe5 Qxe5 19. Rxe5 Bf6 20.
Re3 Rhd8 21. Red3 b5 22. Ne4 Bxb2 23. a4 Re7 24. Nc5 Re2 25. Nxa6+ Kb7 26. axb5
Rxc2 27. d6 Rxd6 28. Rxd6 cxd6 29. Rxd6 f5 30. Rd5 f4 31. gxf4 Ba3 32. Rd7+ Kb6
33. Rxg7 Kxb5 34. Nc7+ Kc6 35. Ne6 Kd5 36. Rg6 h5 37. Kg2 Ke4 38. Rg5 Rc6 39.
Re5+ Kd3 40. Re3+ Kc4 41. f5 Bb2 42. Kf3 Bf6 43. Kf4 1-0

[Event "2.BLO 0607 Leipzig Gohlis - SC Forchhei"]
[Site "?"]
[Date "2007.02.04"]
[Round "7.2"]
[White "Dubiel, Jacek"]
[Black "Heidrich, Manfred"]
[Result "1/2-1/2"]
[WhiteElo "2394"]
[BlackElo "2405"]
[PlyCount "37"]
[EventDate "2007.??.??"]

1. e4 c5 2. Nf3 Nc6 3. Nc3 e5 4. Bc4 Be7 5. d3 d6 6. Nd2 Bg5 7. Nf1 Bxc1 8.
Rxc1 Be6 9. Ne3 Qd7 10. Ncd5 Nge7 11. O-O O-O 12. Qh5 f6 13. f4 Bf7 14. Qh4 Ng6
15. Qf2 exf4 16. Nf5 Kh8 17. Nxf4 Nxf4 18. Qxf4 d5 19. exd5 {(=)} 1/2-1/2

[Event "2.BLO 0607 Leipzig Gohlis - SC Forchhei"]
[Site "?"]
[Date "2007.02.04"]
[Round "7.3"]
[White "Orsag, Milan"]
[Black "Voigt, Roland"]
[Result "0-1"]
[WhiteElo "2423"]
[BlackElo "2360"]
[PlyCount "74"]
[EventDate "2007.??.??"]

1. d4 Nf6 2. c4 g6 3. Nc3 Bg7 4. Nf3 d6 5. Bg5 O-O 6. e3 c6 7. Be2 Qc7 8. O-O
a5 9. a3 h6 10. Bh4 e5 11. dxe5 dxe5 12. Nd2 Na6 13. b4 g5 14. Bg3 Rd8 15. Ra2
Be6 16. Rb2 axb4 17. axb4 Ne8 18. Qc2 c5 19. bxc5 Nxc5 20. e4 Nd6 21. Nd5 Bxd5
22. cxd5 Qa5 23. Nc4 Nxc4 24. Qxc4 Qa3 25. Rb5 Ra5 26. Rxa5 Qxa5 27. Rb1 Rd6
28. f3 Rb6 29. Rc1 Nb3 30. Qc8+ Bf8 31. Be1 Qa7 32. Rc7 Kg7 33. Kf1 Qa1 34. Qe8
Rf6 35. Kf2 Bc5+ 36. Rxc5 Nxc5 37. Bb4 Nxe4+ 0-1

[Event "2.BLO 0607 Leipzig Gohlis - SC Forchhei"]
[Site "?"]
[Date "2007.02.04"]
[Round "7.4"]
[White "Schoeneberg, Manfred"]
[Black "Zwanzger, Johannes"]
[Result "1-0"]
[WhiteElo "2301"]
[BlackElo "2340"]
[PlyCount "93"]
[EventDate "2007.??.??"]

1. e4 c5 2. Nf3 e6 3. d4 cxd4 4. Nxd4 Nc6 5. Nb3 Nf6 6. Nc3 a6 7. a3 Qc7 8. Be2
b5 9. f4 d6 10. O-O Bb7 11. Bf3 Be7 12. Qe2 Nd7 13. Be3 O-O 14. Rad1 Nb6 15.
Bxb6 Qxb6+ 16. Qf2 {(=)} 16... Qc7 17. Kh1 Rac8 18. Rd2 Bf6 19. Rfd1 Rfd8 20.
e5 dxe5 21. Nc5 Rxd2 22. Rxd2 Rd8 23. Rxd8+ Bxd8 24. Nxb7 Qxb7 25. Qc5 exf4 26.
Qxc6 Qe7 27. g3 fxg3 28. hxg3 h5 29. Bxh5 Qg5 30. Qe8+ Kh7 31. Qxf7 Qxg3 32.
Qf3 Qe1+ 33. Kg2 Qd2+ 34. Qe2 Qg5+ 35. Bg4 Qc1 36. Qd3+ g6 37. Qxd8 Qxc2+ 38.
Kh3 Qxb2 39. Qe7+ Kh6 40. Qf8+ Kh7 41. Ne4 Qg7 42. Ng5+ Kh6 43. Qxg7+ Kxg7 44.
Nxe6+ Kf6 45. Nc7 Ke5 46. Nxa6 Kd4 47. Be2 1-0

[Event "2.BLO 0607 Leipzig Gohlis - SC Forchhei"]
[Site "?"]
[Date "2007.02.04"]
[Round "7.6"]
[White "Quast, Michael"]
[Black "Doeres, Hans-Juergen"]
[Result "1/2-1/2"]
[WhiteElo "2285"]
[BlackElo "2241"]
[PlyCount "70"]
[EventDate "2007.??.??"]

1. e4 c5 2. Nf3 e6 3. Nc3 Nc6 4. g3 Nf6 5. Bg2 d6 6. O-O Be7 7. d3 O-O 8. Ne1
d5 9. exd5 Nxd5 10. Nxd5 exd5 11. c3 Be6 12. Nf3 d4 13. c4 Qd7 14. Re1 h6 15.
Bf4 Rae8 16. Ne5 Nxe5 17. Bxe5 b6 18. a4 Bd6 19. Bxd6 Qxd6 20. a5 Bf5 21. axb6
Rxe1+ 22. Qxe1 Qxb6 23. Qd2 Rb8 24. Bd5 Qxb2 25. Qxb2 Rxb2 26. Rxa7 Bxd3 27.
Rxf7 Kh7 28. h4 Bg6 29. Rf8 h5 30. f4 Bc2 31. f5 Rb6 32. Bg8+ Kh6 33. Be6 Kh7
34. Bg8+ Kh6 35. Be6 Kh7 1/2-1/2

[Event "2.BLO 0607 Leipzig Gohlis - SC Forchhei"]
[Site "?"]
[Date "2007.02.04"]
[Round "7.7"]
[White "Cifka, Stanislav"]
[Black "Hoffmann, Hendrik"]
[Result "1-0"]
[WhiteElo "2341"]
[BlackElo "2329"]
[PlyCount "57"]
[EventDate "2007.??.??"]

1. d4 c5 2. d5 Nf6 3. c4 e6 4. Nc3 exd5 5. cxd5 g6 6. e4 d6 7. Nf3 Bg7 8. h3
O-O 9. Bd3 b5 10. Nxb5 Re8 11. O-O Nxe4 12. Re1 a6 13. Na3 Nf6 14. Rxe8+ Nxe8
15. Bg5 Bf6 16. Qe2 Bb7 17. Nc4 Nd7 18. Bf4 Nb6 19. Nxb6 Qxb6 20. Bc4 Nc7 21.
Rd1 Re8 22. Qd3 Nb5 23. Nd2 Nd4 24. Ne4 Be5 25. Bxe5 Rxe5 26. Nf6+ Kg7 27. Nd7
Qxb2 28. Nxe5 dxe5 29. Rb1 1-0

[Event "2.BLO 0607 Leipzig Gohlis - SC Forchhei"]
[Site "?"]
[Date "2007.02.04"]
[Round "7.8"]
[White "Liedtke, Matthias"]
[Black "Bartsch, Berthold"]
[Result "1-0"]
[WhiteElo "2352"]
[BlackElo "2195"]
[PlyCount "99"]
[EventDate "2007.??.??"]

1. e4 c5 2. c3 Nf6 3. e5 Nd5 4. d4 cxd4 5. cxd4 e6 6. Nf3 Bb4+ 7. Nbd2 b6 8.
Bc4 Ba6 9. O-O Bxd2 10. Nxd2 Bxc4 11. Nxc4 O-O 12. b3 Nc6 13. Ba3 Nce7 14. Ne3
Re8 15. Bxe7 Nxe3 16. Bxd8 Nxd1 17. Bxb6 axb6 18. Rfxd1 Ra3 19. Rd2 Rc8 20. g3
Kf8 21. Rb1 Ke7 22. Rbb2 f6 23. Rbc2 Rca8 24. f4 R8a7 25. Kf2 Kd8 26. Ke3 R7a5
27. g4 Ke7 28. Ke4 Rd5 29. h4 h6 30. h5 Ra7 31. Rc8 Rda5 32. Rcc2 Rd5 33. Rd3
Rda5 34. a4 b5 35. axb5 Rxb5 36. Rc5 Rb6 37. Ke3 Ra1 38. d5 fxe5 39. fxe5 exd5
40. Rcxd5 Rb7 41. Ke4 Rb1 42. Kf5 Rf1+ 43. Kg6 Rf4 44. R3d4 Rb6+ 45. Kh7 Rxd4
46. Rxd4 Rxb3 47. Kxg7 Rb6 48. g5 hxg5 49. h6 Rb8 50. Rd6 1-0

[Event "2.BLO 0607 Erfurter SK - Nickelhütte Au"]
[Site "?"]
[Date "2007.03.18"]
[Round "7.1"]
[White "Meijers, Viesturs"]
[Black "Votava, Jan"]
[Result "1/2-1/2"]
[WhiteElo "2465"]
[BlackElo "2531"]
[PlyCount "21"]
[EventDate "2007.??.??"]

1. e4 c5 2. c3 e6 3. Nf3 d5 4. exd5 exd5 5. d4 Nc6 6. Bb5 Bd6 7. dxc5 Bxc5 8.
O-O Nge7 9. Nbd2 O-O 10. Nb3 Bd6 11. Bg5 1/2-1/2

[Event "2.BLO 0607 Erfurter SK - Nickelhütte Au"]
[Site "?"]
[Date "2007.03.18"]
[Round "7.2"]
[White "Haba, Petr"]
[Black "Rogozenko, Dorian"]
[Result "1/2-1/2"]
[WhiteElo "2526"]
[BlackElo "2527"]
[PlyCount "23"]
[EventDate "2007.??.??"]

1. d4 Nf6 2. Nf3 e6 3. Bf4 b6 4. e3 Bb7 5. Nbd2 Be7 6. h3 O-O 7. Bd3 c5 8. c3
d6 9. O-O h6 10. a3 Ba6 11. Bxa6 Nxa6 12. Qe2 {(=)} 1/2-1/2

[Event "2.BLO 0607 Erfurter SK - Nickelhütte Au"]
[Site "?"]
[Date "2007.03.18"]
[Round "7.3"]
[White "Gaponenko, Inna"]
[Black "Machelett, Heiko"]
[Result "1/2-1/2"]
[WhiteElo "2448"]
[BlackElo "2424"]
[PlyCount "21"]
[EventDate "2007.??.??"]

1. e4 e6 2. d4 d5 3. exd5 exd5 4. Nf3 Nf6 5. c4 Be7 {(=)} 6. Nc3 c6 7. Bd3 O-O
8. O-O dxc4 9. Bxc4 Bg4 10. Be3 Nbd7 11. h3 {(=)} 1/2-1/2

[Event "2.BLO 0607 Erfurter SK - Nickelhütte Au"]
[Site "?"]
[Date "2007.03.18"]
[Round "7.6"]
[White "Mueller, Matthias"]
[Black "Diebl, Lutz"]
[Result "1/2-1/2"]
[WhiteElo "2401"]
[BlackElo "2238"]
[PlyCount "27"]
[EventDate "2007.??.??"]

1. e4 Nc6 2. Nf3 d6 3. d4 Nf6 4. Nc3 g6 5. Be2 Bg7 6. O-O O-O 7. d5 Nb8 8. Re1
e5 9. dxe6 Bxe6 10. Bf4 Nc6 11. h3 h6 12. Qd2 Kh7 13. Rad1 Nd7 14. Be3 1/2-1/2

[Event "2.BLO 0607 Erfurter SK - Nickelhütte Au"]
[Site "?"]
[Date "2007.03.18"]
[Round "7.8"]
[White "Brueggemann, Joachim"]
[Black "Melamed, Tatiana"]
[Result "1/2-1/2"]
[WhiteElo "2353"]
[BlackElo "2356"]
[PlyCount "30"]
[EventDate "2007.??.??"]

1. e4 c5 2. Nf3 e6 3. d4 cxd4 4. Nxd4 Nc6 5. Nc3 Qc7 6. Be3 a6 7. Bd3 Nf6 8.
O-O Ne5 9. h3 Bc5 10. Kh1 d6 11. f4 Ng6 12. Qe1 O-O 13. Nb3 Bxe3 14. Qxe3 b5
15. Rae1 Bb7 1/2-1/2

[Event "2.BLO 0607 USV TU Dresden - SC Bamberg"]
[Site "?"]
[Date "2007.03.18"]
[Round "7.1"]
[White "Jirka, Jiri"]
[Black "Uhlmann, Wolfgang"]
[Result "1/2-1/2"]
[WhiteElo "2345"]
[BlackElo "2422"]
[PlyCount "102"]
[EventDate "2007.??.??"]

1. d4 Nf6 2. c4 g6 3. g3 c5 4. d5 d6 5. Nc3 e6 6. Bg2 exd5 7. cxd5 Bg7 8. Nf3
O-O 9. O-O Bg4 10. Nd2 Qd7 11. a4 Bh3 12. Nc4 Bxg2 13. Kxg2 Rd8 14. e4 Na6 15.
Bf4 Qe7 16. Re1 Nh5 17. Bc1 Nb4 18. g4 Nf6 19. Bf4 Ne8 20. Qd2 b6 21. Rad1 Qb7
22. Bg3 a6 23. f4 b5 24. Na3 Nc7 25. Nc2 bxa4 26. Ne3 Nb5 27. f5 a3 28. g5 Bd4
29. Nc4 axb2 30. Ne2 a5 31. Nxd4 cxd4 32. fxg6 hxg6 33. Qxb2 Nxd5 34. Rxd4 Ndc3
35. Rd3 Nxe4 36. Kg1 d5 37. Ne3 d4 38. Ng4 Nxg5 39. Nf6+ Kf8 40. Qg2 Qxg2+ 41.
Kxg2 Ne6 42. Nh7+ Ke8 43. Bh4 Rdc8 44. Nf6+ Kd8 45. Rf3 g5 46. Bg3 Rc2+ 47. Kf1
Rac8 48. Ne4 Rc1 49. Rxf7 Rxe1+ 50. Bxe1 Nc3 51. Nd6 Rc7 1/2-1/2

[Event "2.BLO 0607 USV TU Dresden - SC Bamberg"]
[Site "?"]
[Date "2007.03.18"]
[Round "7.2"]
[White "Gauglitz, Gernot"]
[Black "Meister, Peter"]
[Result "0-1"]
[WhiteElo "2395"]
[BlackElo "2370"]
[PlyCount "94"]
[EventDate "2007.??.??"]

1. d4 e6 2. c4 f5 3. g3 Nf6 4. Bg2 d5 5. Nf3 c6 6. O-O Bd6 7. b3 Qe7 8. Bb2 b6
9. Qc2 O-O 10. Ne5 Bb7 11. cxd5 cxd5 12. Nc3 Rc8 13. Qd2 Nc6 14. Nxc6 Rxc6 15.
Rfc1 Rac8 16. f3 h6 17. a3 Ba6 18. e3 Kh8 19. b4 Bc4 20. Re1 a5 21. bxa5 bxa5
22. e4 dxe4 23. fxe4 fxe4 24. Nxe4 Bd5 25. Nxf6 Qxf6 26. Bxd5 exd5 27. Re2 Qg6
28. Qe1 Rc2 29. Rc1 Kh7 30. Rcxc2 Rxc2 31. Rxc2 Qxc2 32. Bc3 Qd3 33. Qd2 Qb1+
34. Kg2 a4 35. Bb2 Qe4+ 36. Kf2 Kg6 37. Qd1 h5 38. Qxa4 h4 39. Qd7 Qc2+ 40. Kf3
Qe4+ 41. Kf2 hxg3+ 42. hxg3 Qc2+ 43. Kg1 Qb1+ 44. Kg2 Qxb2+ 45. Kh3 Qxa3 46.
Qe6+ Kh7 47. Qf5+ Kh6 0-1

[Event "2.BLO 0607 USV TU Dresden - SC Bamberg"]
[Site "?"]
[Date "2007.03.18"]
[Round "7.3"]
[White "Stehno, Pavel"]
[Black "Wegener, Dirk"]
[Result "1-0"]
[WhiteElo "2273"]
[BlackElo "2352"]
[PlyCount "127"]
[EventDate "2007.??.??"]

1. e4 e6 2. d4 d5 3. e5 c5 4. c3 Nc6 5. Nf3 Qb6 6. Be2 cxd4 7. cxd4 Nh6 8. Nc3
Nf5 9. Na4 Bb4+ 10. Bd2 Qa5 11. Bc3 Bd7 12. a3 Bxc3+ 13. Nxc3 O-O 14. b4 Qb6
15. Na4 Qd8 16. Nc5 b6 17. Na6 Nh4 18. b5 Nxf3+ 19. Bxf3 Nb8 20. Nxb8 Qxb8 21.
a4 a6 22. Be2 axb5 23. axb5 Qb7 24. O-O Rxa1 25. Qxa1 Ra8 26. Qb2 Qa7 27. Bd3
Qa3 28. Qb1 g6 29. h4 Qc3 30. h5 Be8 31. Rd1 Ra4 32. Bf1 Rxd4 33. Re1 Rb4 34.
Qd1 Bxb5 35. Re3 Qc5 36. Ra3 Rb2 37. Ra8+ Kg7 38. Qf3 Qe7 39. Qe3 h6 40. Qc1
Rb4 41. Qc8 Qe8 42. Qxe8 Bxe8 43. Rxe8 gxh5 44. f3 h4 45. Rc8 Rb3 46. Kf2 b5
47. Rc2 b4 48. Rd2 f6 49. f4 Rc3 50. Bd3 h5 51. Ke3 Rc7 52. Rb2 fxe5 53. fxe5
Rb7 54. Kd4 b3 55. Kc3 Kh6 56. Rxb3 Rg7 57. Rb6 Rxg2 58. Rxe6+ Kg7 59. Re7+ Kf8
60. Rh7 Rg5 61. Kd4 h3 62. e6 Rg7 63. Rxg7 Kxg7 64. Kxd5 1-0

[Event "2.BLO 0607 USV TU Dresden - SC Bamberg"]
[Site "?"]
[Date "2007.03.18"]
[Round "7.4"]
[White "Seifert, Volker"]
[Black "Smistik, Milan"]
[Result "0-1"]
[WhiteElo "2330"]
[BlackElo "2401"]
[PlyCount "64"]
[EventDate "2007.??.??"]

1. d4 d5 2. c4 c6 3. Nc3 Nf6 4. e3 a6 5. Qc2 Bg4 6. Nge2 dxc4 7. h3 Bxe2 8.
Bxe2 b5 9. a4 Nbd7 10. e4 e6 11. O-O Be7 12. Be3 O-O 13. f4 Qb6 14. Bf3 e5 15.
fxe5 Nxe5 16. Be2 Ng6 17. Rf5 Nh4 18. Rf4 Nd7 19. Bf2 Qd8 20. axb5 cxb5 21. e5
f5 22. Bxh4 Bxh4 23. Bf3 Qg5 24. Bd5+ Kh8 25. Rf3 Rad8 26. Rxa6 b4 27. Ne2 Nxe5
28. dxe5 Rxd5 29. Qxc4 Rxe5 30. Qxb4 Rfe8 31. Nd4 Re1+ 32. Kh2 Qc1 0-1

[Event "2.BLO 0607 USV TU Dresden - SC Bamberg"]
[Site "?"]
[Date "2007.03.18"]
[Round "7.5"]
[White "Haag, Wolfgang"]
[Black "Hoffmann, Paul"]
[Result "0-1"]
[WhiteElo "2264"]
[BlackElo "2288"]
[PlyCount "68"]
[EventDate "2007.??.??"]

1. f4 d5 2. Nf3 Nf6 3. e3 e6 4. b3 Bd6 5. Bb2 O-O 6. Be2 c5 7. O-O a6 8. Qe1
Nfd7 9. d3 Nc6 10. Nbd2 e5 11. f5 Nf6 12. Qh4 Bxf5 13. Nxe5 Bxe5 14. Bxe5 Nxe5
15. Rxf5 Ng6 16. Qg5 Qa5 17. Nf1 Qc3 18. Rc1 Qb2 19. e4 dxe4 20. Rxc5 Rfe8 21.
Rc7 h6 22. Qd2 Rad8 23. Ng3 exd3 24. Bf1 Qd4+ 25. Kh1 Ng4 26. h3 Nf2+ 27. Kh2
Ne4 28. Qxd3 Qe5 29. Qxe4 Qxc7 30. Qf3 Nf4 31. Kh1 Nd5 32. Bc4 Re3 33. Qf5 Rxg3
34. Bxd5 Rxd5 {(ZUe)} 0-1

[Event "2.BLO 0607 USV TU Dresden - SC Bamberg"]
[Site "?"]
[Date "2007.03.18"]
[Round "7.6"]
[White "Eichner, Sebastian"]
[Black "Huemmer, Bernd"]
[Result "1-0"]
[WhiteElo "2269"]
[BlackElo "2213"]
[PlyCount "101"]
[EventDate "2007.??.??"]

1. Nf3 d6 2. c4 e5 3. Nc3 c6 4. d4 Nd7 5. e4 Be7 6. Be2 Ngf6 7. O-O O-O 8. Be3
Qc7 9. d5 c5 10. Ne1 Ne8 11. Nd3 Qd8 12. Qd2 Bf6 13. Rab1 Nb6 14. b3 Qe7 15.
Rfc1 g6 16. Nd1 Nd7 17. b4 b6 18. bxc5 bxc5 19. Bg4 Bg7 20. Bxd7 Qxd7 21. Nc3
f5 22. exf5 gxf5 23. Bh6 Rf6 24. Bxg7 Qxg7 25. f4 e4 26. Ne1 Rh6 27. Nc2 Ba6
28. Ne3 Qf6 29. Rb3 Ng7 30. Ra3 Bc8 31. Rb1 Nh5 32. g3 Rg6 33. Ne2 Qd8 34. Rab3
Rg7 35. Rb8 Rxb8 36. Rxb8 Qc7 37. Qb2 h6 38. Nxf5 Rd7 39. Nxh6+ Kh7 40. Nf5 e3
41. Qb1 Kg8 42. Nxe3 Re7 43. Qg6+ Ng7 44. Nf5 Rd7 45. Rb2 Ba6 46. Nxg7 Rxg7 47.
Qe8+ Kh7 48. Rb8 Kh6 49. Qe6+ Kh7 50. Qh3+ Kg6 51. Qg4+ 1-0

[Event "2.BLO 0607 USV TU Dresden - SC Bamberg"]
[Site "?"]
[Date "2007.03.18"]
[Round "7.8"]
[White "Graf, Felix"]
[Black "Krug, Stefan"]
[Result "1/2-1/2"]
[WhiteElo "2207"]
[BlackElo "2167"]
[PlyCount "61"]
[EventDate "2007.??.??"]

1. d4 d5 2. c4 e6 3. Nc3 Be7 4. cxd5 exd5 5. Nf3 c6 6. Qc2 Nf6 7. Bg5 g6 8. e4
dxe4 9. Bxf6 Bxf6 10. Qxe4+ Qe7 11. Qxe7+ Kxe7 12. Bc4 Bf5 13. O-O-O Re8 14. h3
Kf8 15. g4 Be4 16. Nxe4 Rxe4 17. Rhe1 Rxe1 18. Rxe1 Nd7 19. Ne5 Nxe5 20. dxe5
Bg5+ 21. Kc2 Rd8 22. Bd3 Rd4 23. f3 Ke7 24. Kc3 c5 25. a3 a5 26. b3 Bf4 27. Re2
Rd5 28. Kc4 Rd4+ 29. Kc3 Rd5 30. Kc4 Rd4+ 31. Kc3 1/2-1/2

[Event "2.BLO 0607 Lok Leipzig Mit - SK Passau"]
[Site "?"]
[Date "2007.04.22"]
[Round "7.1"]
[White "Velicka, Petr"]
[Black "Wernert, Wilfrid"]
[Result "1/2-1/2"]
[WhiteElo "2493"]
[BlackElo "2353"]
[PlyCount "42"]
[EventDate "2007.??.??"]

1. e4 e5 2. Nf3 Nc6 3. Bb5 Nf6 4. O-O Bc5 5. c3 O-O 6. d4 Bb6 7. Bg5 h6 8. Bh4
exd4 9. e5 g5 10. Bxc6 dxc6 11. Nxg5 dxc3 12. Qxd8 Rxd8 13. Nxc3 Nd5 14. Nge4
Nxc3 15. Nxc3 Rd4 16. Bf6 Be6 17. Rfd1 Kh7 18. Rxd4 Bxd4 19. Rd1 Bxc3 20. bxc3
Bxa2 21. Rd8 Rxd8 {1/2-1/2} 1/2-1/2

[Event "2.BLO 0607 Lok Leipzig Mit - SK Passau"]
[Site "?"]
[Date "2007.04.22"]
[Round "7.2"]
[White "Spiess, Gunter"]
[Black "Rasik, Vitezslav"]
[Result "1/2-1/2"]
[WhiteElo "2403"]
[BlackElo "2469"]
[PlyCount "65"]
[EventDate "2007.??.??"]

1. d4 Nf6 2. c4 g6 3. Nc3 Bg7 4. Nf3 O-O 5. e4 c6 6. Be2 d5 7. e5 Ne4 8. O-O
Nxc3 9. bxc3 dxc4 10. Bxc4 c5 11. h3 Nc6 12. a3 Qc7 13. Qe2 b6 14. Bf4 Bb7 15.
Rad1 Na5 16. Ba2 Rad8 17. Ng5 Qc8 18. Rfe1 cxd4 19. cxd4 Bd5 20. e6 Bxa2 21.
Qxa2 f5 22. Rc1 Qa8 23. Be5 Bxe5 24. dxe5 Rd3 25. Rc7 Rfd8 26. Rec1 Nb3 27. Re1
Qd5 28. Qe2 Rd2 29. Qe3 Rd3 30. Qf4 Rd4 31. Qe3 Rd3 32. Qe2 Rd2 33. Qe3 {
1/2-1/2} 1/2-1/2

[Event "2.BLO 0607 Lok Leipzig Mit - SK Passau"]
[Site "?"]
[Date "2007.04.22"]
[Round "7.3"]
[White "Weiss, Christian"]
[Black "Schubert, Thomas"]
[Result "1-0"]
[WhiteElo "2469"]
[BlackElo "2366"]
[PlyCount "104"]
[EventDate "2007.??.??"]

1. c4 c6 2. Nc3 d5 3. e3 Nf6 4. d4 e6 5. Nf3 Nbd7 6. Bd3 Bd6 7. O-O dxc4 8.
Bxc4 O-O 9. Qc2 e5 10. Rd1 Qe7 11. Bd3 Re8 12. Ng5 h6 13. Nge4 Bb8 14. Ng3 Nb6
15. dxe5 Bxe5 16. Bd2 Bd7 17. Nce2 c5 18. Bc3 Bxc3 19. Nxc3 Be6 20. e4 c4 21.
Bf1 Red8 22. h3 Rxd1 23. Rxd1 Rd8 24. Rxd8+ Qxd8 25. f4 Ne8 26. Qf2 f6 27. Nge2
Bf7 28. Nd4 Nd7 29. Nf5 a6 30. Kh1 Qb6 31. Qd2 Qc7 32. Nd5 Qd8 33. Bxc4 Kh8 34.
Qe3 Nf8 35. Bb3 Ne6 36. Nc3 Nd6 37. Nxd6 Qxd6 38. e5 fxe5 39. fxe5 Qc7 40. Bxe6
Bxe6 41. Qd4 Kg8 42. Kh2 Qc4 43. Qe3 Bd7 44. b3 Qe6 45. Ne2 Bc6 46. Nd4 Qd5 47.
Nxc6 Qxc6 48. Qf4 b5 49. h4 h5 50. Qf3 Qe6 51. Qa8+ Kh7 52. Qe4+ Kg8 1-0

[Event "2.BLO 0607 Lok Leipzig Mit - SK Passau"]
[Site "?"]
[Date "2007.04.22"]
[Round "7.4"]
[White "Boehnisch, Manfred"]
[Black "Hellmayr, Alois"]
[Result "1/2-1/2"]
[WhiteElo "2378"]
[BlackElo "2317"]
[PlyCount "82"]
[EventDate "2007.??.??"]

1. e4 c5 2. Nf3 e6 3. b3 b6 4. Bb2 Bb7 5. Qe2 d6 6. g3 Nf6 7. d3 Be7 8. Bg2 O-O
9. Nbd2 d5 10. O-O d4 11. Ne5 Nfd7 12. Nxd7 Qxd7 13. f4 Nc6 14. e5 Nb4 15. Ne4
Nd5 16. Rf2 f5 17. exf6 Bxf6 18. Re1 Rae8 19. Bc1 Nc3 20. Nxc3 Bxg2 21. Ne4
Bxe4 22. dxe4 b5 23. Rf3 Rc8 24. g4 Bd8 25. f5 c4 26. Ref1 Bb6 27. Kh1 exf5 28.
gxf5 Qc6 29. Ba3 Rf7 30. Rg3 Re8 31. Rg4 Bc5 32. Bxc5 Qxc5 33. Qg2 Kf8 34. Rg1
Qe5 35. Qh3 h6 36. bxc4 bxc4 37. Qa3+ Kg8 38. Qa6 h5 39. Rh4 {(=)} 39... Qf6
40. Qa4 Qxh4 41. Qxe8+ Rf8 1/2-1/2

[Event "2.BLO 0607 Lok Leipzig Mit - SK Passau"]
[Site "?"]
[Date "2007.04.22"]
[Round "7.5"]
[White "Hiermann, Dietmar"]
[Black "Stettler, Michael"]
[Result "1-0"]
[WhiteElo "2265"]
[BlackElo "2276"]
[PlyCount "113"]
[EventDate "2007.??.??"]

1. e4 c6 2. d4 d5 3. exd5 cxd5 4. Bd3 Nc6 5. c3 Nf6 6. h3 e5 7. dxe5 Nxe5 8.
Qe2 Qe7 9. Bb5+ Bd7 10. Be3 Qe6 11. Nd2 Bd6 12. Ngf3 Nc6 13. Nb3 Ne4 14. Bd3
O-O 15. O-O-O Rad8 16. Nfd4 Qe7 17. Qc2 f5 18. Nxc6 bxc6 19. Kb1 f4 20. Bc1 h6
21. Rhe1 Qf7 22. Ka1 Nc5 23. Nxc5 Bxc5 24. f3 Bf5 25. Bxf5 Qxf5 26. Qxf5 Rxf5
27. Re6 Rd6 28. Rde1 Rf6 29. Re8+ Kh7 30. b4 Bb6 31. a4 Rf7 32. a5 Bd8 33. Kb2
g5 34. Kb3 Kg6 35. Bd2 Bf6 36. R1e2 Kf5 37. Be1 d4 38. Rd2 Rfd7 39. c4 Re6 40.
Rxe6 Kxe6 41. Kc2 Kf5 42. Kd3 h5 43. Re2 Rb7 44. a6 Rb6 45. Ra2 Rb8 46. c5 g4
47. Rb2 Re8 48. hxg4+ hxg4 49. fxg4+ Kxg4 50. Bf2 Kf5 51. b5 cxb5 52. Rxb5 Rg8
53. c6+ Ke6 54. c7 Kd7 55. Rb8 Rc8 56. Rxc8 Kxc8 57. Bxd4 1-0

[Event "2.BLO 0607 Lok Leipzig Mit - SK Passau"]
[Site "?"]
[Date "2007.04.22"]
[Round "7.6"]
[White "Schultz, Andreas"]
[Black "Testor, Sebastian"]
[Result "1/2-1/2"]
[WhiteElo "2260"]
[BlackElo "2241"]
[PlyCount "169"]
[EventDate "2007.??.??"]

1. d4 e6 2. c4 Nf6 3. Nc3 Bb4 4. e3 b6 5. Nge2 c5 6. a3 Ba5 7. g3 Bb7 8. d5 b5
9. Bg2 bxc4 10. e4 exd5 11. exd5 O-O 12. O-O d6 13. Bf4 Re8 14. Re1 Nbd7 15.
Bxd6 Nb6 16. Bxc5 Nbxd5 17. Nxd5 Bxd5 18. Nc3 Rxe1+ 19. Qxe1 Bxc3 20. Qxc3 Bxg2
21. Kxg2 Qd5+ 22. Qf3 Qxf3+ 23. Kxf3 Rb8 24. Bd4 Rb3+ 25. Bc3 Kf8 26. Rd1 Ke7
27. Rd4 Ke6 28. Rxc4 Nd5 29. Rc6+ Kd7 30. Ra6 Nxc3 31. Rxa7+ Ke6 32. bxc3 Rxc3+
33. Ke4 Rc2 34. Ra6+ Ke7 35. Ke3 h5 36. h4 g6 37. Ra4 Rc3+ 38. Kd2 Rf3 39. Ke2
Rb3 40. Re4+ Kd6 41. Re3 Rb2+ 42. Kf3 Ra2 43. Rc3 f6 44. Ke3 g5 45. Rb3 Ke6 46.
Kf3 Kf5 47. hxg5 fxg5 48. Rb5+ Kg6 49. Ra5 Kf6 50. a4 h4 {(=)} 51. Ra6+ Ke7 52.
Kg2 Kf7 53. Ra7+ Kg6 54. Ra8 Kg7 55. a5 Kh7 56. a6 hxg3 57. Kxg3 Kg7 58. a7 Ra4
59. f3 Kh7 60. Kf2 Kg7 61. Ke2 Kh7 62. Kd2 Kg7 63. Kc2 Kh7 64. Kb3 Ra1 65. Kb4
Kg7 66. Kc5 Rc1+ 67. Kd6 Rd1+ 68. Ke6 Ra1 69. Kf5 Ra5+ 70. Kg4 Kh7 71. Kg3 Kg7
72. Kf2 Ra3 73. Ke2 Kh7 74. Kd2 Kg7 75. Kc2 Kh7 76. Kb2 Ra6 77. Kb3 Ra1 78. Kb4
Kg7 79. Kb5 Rb1+ 80. Kc6 Rc1+ 81. Kd6 Rd1+ 82. Ke6 Ra1 83. Ke5 Ra5+ 84. Ke6 Ra1
85. Rd8 1/2-1/2

[Event "2.BLO 0607 Lok Leipzig Mit - SK Passau"]
[Site "?"]
[Date "2007.04.22"]
[Round "7.7"]
[White "Horvath, Laszlo"]
[Black "Gempe, Thomas"]
[Result "0-1"]
[WhiteElo "2268"]
[BlackElo "2272"]
[PlyCount "79"]
[EventDate "2007.??.??"]

1. e4 c5 2. Nf3 d6 3. d4 cxd4 4. Nxd4 Nf6 5. Nc3 g6 6. Be3 Bg7 7. f3 Nc6 8. Qd2
O-O 9. O-O-O d5 10. Kb1 Nxd4 11. e5 Nf5 {(=)} 12. exf6 Bxf6 13. Nxd5 Qxd5 14.
Qxd5 Nxe3 15. Qd2 Nxd1 16. Qxd1 Bf5 17. g4 Rfd8 18. Qe1 Bh4 19. Qe2 Be6 20. Bg2
Rd6 21. f4 Rad8 22. Bf3 Bf6 23. Rc1 b5 24. Be4 Bc4 25. Qe3 Bd4 26. Qf3 b4 27.
Bd3 Bd5 28. Qf1 a5 29. Re1 e6 30. f5 e5 31. Bb5 Bb6 32. c4 bxc3 33. bxc3 e4 34.
f6 e3 35. g5 Be4+ 36. Ka1 Rd2 37. Qh3 Rd1+ 38. Rxd1 Rxd1+ 39. Kb2 Rb1+ 40. Ka3
0-1

[Event "2.BLO 0607 Lok Leipzig Mit - SK Passau"]
[Site "?"]
[Date "2007.04.22"]
[Round "7.8"]
[White "Mueller, Frank"]
[Black "Linhart, Wolfgang"]
[Result "1/2-1/2"]
[WhiteElo "2242"]
[BlackElo "2223"]
[PlyCount "81"]
[EventDate "2007.??.??"]

1. Nf3 Nf6 2. d4 g6 3. c4 Bg7 4. Nc3 d5 5. Bf4 c6 6. e3 O-O 7. Rc1 Qa5 8. Qb3
Nbd7 9. Ne5 Nxe5 10. Bxe5 dxc4 11. Bxc4 b5 12. Be2 Be6 13. Qa3 Qxa3 14. bxa3 a5
15. Rc2 b4 16. Nb1 Bf5 17. Rb2 Nd5 18. Bxg7 Kxg7 19. axb4 axb4 20. Nd2 Nc3 21.
Bc4 Rfb8 22. Nf3 Bb1 23. Ne5 Bxa2 24. Bxa2 Rxa2 25. Rxa2 Nxa2 26. Kd2 Rb6 27.
f3 Nc3 28. Nd3 Nd5 29. Rb1 f5 30. h3 Ra6 31. Rb2 Ra1 32. e4 fxe4 33. fxe4 Nc3
34. Nxb4 Nxe4+ 35. Kd3 Nd6 36. Nxc6 Ra3+ 37. Ke2 Kf6 38. d5 Rg3 39. Kf1 Rg5 40.
Re2 {(=)} 40... Rxd5 41. Nxe7 1/2-1/2